LEADER 00980nam0-2200325---450- 001 990008500820403321 005 20110705105204.0 010 $a1-84064-563-6 035 $a000850082 035 $aFED01000850082 035 $a(Aleph)000850082FED01 035 $a000850082 100 $a20070413d2001----km-y0itay50------ba 101 0 $aeng 102 $aGB$aUS 105 $ay-------001yy 200 1 $aPension systems and retirement incomes across OECD countries$fedited by Richard Disney, Paul Johnson 210 $aCheltenham$aNorthampton$cElgar$d2001 215 $aXVII, 366 p.$d24 cm 610 0 $aPensioni$aPaesi dell'OCSE 676 $a331.252$v21$zita 702 1$aDisney,$bRichard 702 1$aJohnson,$bPaul$f<1967- > 801 0$aIT$bUNINA$gRICA$2UNIMARC 901 $aBK 912 $a990008500820403321 952 $aXV S 102$b44572*$fFGBC 959 $aFGBC 996 $aPension systems and retirement incomes across OECD countries$9731638 997 $aUNINA LEADER 01613nam0 2200337 i 450 001 SUN0001677 005 20111017110140.851 010 $a88-7104-889-X 020 $aIT$b95 1267 100 $a20020701d1994 |0itac50 ba 101 $aita 102 $aIT 105 $a|||| ||||| 200 1 $aˆLa ‰nozione romana di enfiteusi$fAnna Bottiglieri 210 $aNapoli$cEdizioni scientifiche italiane$d[1994] 215 $aIX, 146 p.$d24 cm. 606 $aEnfiteusi$xDiritto romano$2FI$3SUNC001272 620 $dNapoli$3SUNL000005 676 $a346.370435$v21 700 1$aBottiglieri$b, Anna$3SUNV001735$0252005 712 $aESI$3SUNV000952$4650 801 $aIT$bSOL$c20181109$gRICA 912 $aSUN0001677 950 $aUFFICIO DI BIBLIOTECA DEL DIPARTIMENTO DI GIURISPRUDENZA$d00 CONS XVIII.Ega.1 $e00 4914 950 $aUFFICIO DI BIBLIOTECA DEL DIPARTIMENTO DI GIURISPRUDENZA$d00 CONS XVIII.Egb.5 bis $e00 4913 950 $aUFFICIO DI BIBLIOTECA DEL DIPARTIMENTO DI GIURISPRUDENZA$d00 CONS XVIII.Egb.5 $e00 4912 995 $aUFFICIO DI BIBLIOTECA DEL DIPARTIMENTO DI GIURISPRUDENZA$h4914$kCONS XVIII.Ega.1$op$qa 995 $aUFFICIO DI BIBLIOTECA DEL DIPARTIMENTO DI GIURISPRUDENZA$h4913$kCONS XVIII.Egb.5 bis$op$qa 995 $aUFFICIO DI BIBLIOTECA DEL DIPARTIMENTO DI GIURISPRUDENZA$h4912$kCONS XVIII.Egb.5$op$qa 996 $aNozione romana di enfiteusi$967343 997 $aUNICAMPANIA